Improving consumer information in the home information pack (Record no. 108556)

MARC details
000 -LEADER
fixed length control field 01702cad a22002535a 4500
001 - CONTROL NUMBER
control field L144609
008 - FIXED-LENGTH DATA ELEMENTS--GENERAL INFORMATION
fixed length control field 110419s20080729xxkad f f000 0 eng d
020 ## - INTERNATIONAL STANDARD BOOK NUMBER
International Standard Book Number 9781409803539
035 ## - SYSTEM CONTROL NUMBER
System control number (Sirsi) u144609
041 0# - LANGUAGE CODE
Language code of text/sound track or separate title eng
050 04 - LIBRARY OF CONGRESS CALL NUMBER
Classification number 333.33 $2 18
110 2# - MAIN ENTRY--CORPORATE NAME
Corporate name or jurisdiction name as entry element United Kingdom
Subordinate unit Department for Communities and Local Government
9 (RLIN) 4939
245 00 - TITLE STATEMENT
Title Improving consumer information in the home information pack
Remainder of title consultation paper
Medium [electronic resource]
260 ## - PUBLICATION, DISTRIBUTION, ETC.
Place of publication, distribution, etc. London
Name of publisher, distributor, etc. DCLG
Date of publication, distribution, etc. 2008
505 2# - FORMATTED CONTENTS NOTE
Formatted contents note Purpose of the consultation -- Leasehold requirements in home information packs -- Background -- Leasehold information in summary sheet -- Your views are sought on proposals for leasehold requirements in the HIP and the related impact assessment -- Property Information Questionnaire (PIQ) including leasehold information -- Your views are sought on proposals for a Property Information Questionaire (PIQ) at Annex 2 and on the related impact assessment -- Next steps
520 ## - SUMMARY, ETC.
Summary, etc. Paper contains proposals for consultation on the leasehold requirements in the Home Information Pack (HIP) (Part 1) and the inclusion of the Property Information Questionnaire (PIQ) in the HIP (Part 2). The closing date for receipt of responses is 30 September 2008.
521 ## - TARGET AUDIENCE NOTE
Target audience note Advanced
590 ## - LOCAL NOTE (RLIN)
Local note KA NTK
650 24 - SUBJECT ADDED ENTRY--TOPICAL TERM
Topical term or geographic name entry element HOME INFORMATION PACKS
651 #4 - SUBJECT ADDED ENTRY--GEOGRAPHIC NAME
Geographic name United Kingdom
Chronological subdivision
690 ## - LOCAL SUBJECT ADDED ENTRY--TOPICAL TERM (OCLC, RLIN)
Topical term or geographic name as entry element PROPERTY-RESIDENTIAL PROPERTY-ACQUISITION AND DISPOSAL OF RESIDENTIAL PROPERTY-HOME BUYING REFORM
856 40 - ELECTRONIC LOCATION AND ACCESS
Uniform Resource Identifier <a href="https://tna.europarchive.org/20090609062432/http://www.communities.gov.uk/publications/housing/improvingconsumerinformation ">https://tna.europarchive.org/20090609062432/http://www.communities.gov.uk/publications/housing/improvingconsumerinformation </a>
Public note View the item free of charge at http://tna.europarchive.org
942 ## - ADDED ENTRY ELEMENTS (KOHA)
Suppress in OPAC 0
Holdings
Withdrawn status Lost status Source of classification or shelving scheme Damaged status Not for loan Home library Current library Shelving location Date acquired Total Checkouts Full call number Barcode Date last seen Copy number Price effective from Koha item type
    Dewey Decimal Classification     Virtual Virtual Online 30/07/2008   ONLINE PUBLICATION 144609-1001 06/08/2019 1 06/08/2019 Book